000
00344pam a2200157a 44500
008
230515b1980 xxu||||| |||| 00| 0 eng d
020
_a
NULL
041
_a
ENGLISH
082
_a
630
100
_a
4078-1980
245
_a
INDEXING AND STORAGE OF DRILL CORES
250
_a
0
260
_a
DELHI
_b
ISI
_c
1980
300
_a
14
650
_a
NULL
999
_c
651901
_d
651901